| 000 | 00905nas a2200277 4500 | ||
|---|---|---|---|
| 001 | BR8303712 | ||
| 003 | BR-BrBNA | ||
| 005 | 20231205085622.0 | ||
| 007 | ta | ||
| 008 | 230509b bl.|||p| |||| 00| 00por d | ||
| 040 |
_aBR-BrBNA _bpor _cBiblioteca Nacional de Agricultura |
||
| 041 | _a(Pt) | ||
| 072 | _aK50 | ||
| 100 | 1 | _aFoelkel, C.E.B. | |
| 100 | 1 | _aMilanez, A.F. | |
| 100 | 1 | _aBusnardo, C.A. | |
| 111 | 1 |
_a4. Congresso Florestal Brasileiro _cBelo Horizonte, MG (Brazil) _d10-15 May 1982 |
|
| 245 | 1 | _aMetodo do maximo teor de umidade aplicada a determinacao de densidade basica da madeira do eucalipto [Eucalyptus] | |
| 650 | _aEUCALIPTO | ||
| 650 | _aMADEIRA | ||
| 650 | _aDENSIDADE | ||
| 650 | _aTEOR DE UMIDADE | ||
| 773 | 0 |
_tSilvicultura (Brazil) _xISSN 0100-3615 _g(Jan-Feb 1983), v. 8(28) p. 792-796 _wBR8303712 |
|
| 909 |
_a202311 _bLúcia _c55 _dLúcia Elande |
||
| 942 |
_2AGRIS _n0 _cANA |
||
| 999 |
_c112584 _d112584 |
||